La conscience. Approches croisées, des clasiques aux sciences cognitives (Record no. 1848)

MARC details
000 -LEADER
fixed length control field 02251nam a2200277 4500
008 - FIXED-LENGTH DATA ELEMENTS--GENERAL INFORMATION
fixed length control field s2002 fr fre u
020 ## - INTERNATIONAL STANDARD BOOK NUMBER
International Standard Book Number 2200263708
020 ## - INTERNATIONAL STANDARD BOOK NUMBER
International Standard Book Number 9782200263706
040 ## - CATALOGING SOURCE
Original cataloging agency LB-BrCRDP
082 1# - DEWEY DECIMAL CLASSIFICATION NUMBER
Classification number 153
Item number DEP
100 1# - MAIN ENTRY--PERSONAL NAME
Personal name Depraz, Natalie
245 13 - TITLE STATEMENT
Title La conscience. Approches croisées, des clasiques aux sciences cognitives
Statement of responsibility, etc. Natalie Depraz
260 ## - PUBLICATION, DISTRIBUTION, ETC.
Place of publication, distribution, etc. Paris
Name of publisher, distributor, etc. Armand Colin
Date of publication, distribution, etc. 2002
300 ## - PHYSICAL DESCRIPTION
Extent 192 p.
Dimensions 21 cm
490 1# - SERIES STATEMENT
Series statement Cursus
500 ## - GENERAL NOTE
General note Sommaire général, bibliographie, index.
520 ## - SUMMARY, ETC.
Summary, etc. L'être humain ne se conçoit pas sans une relation avec lui-même, où il va de la perception qu'il a de son corps, de son existence, de celle des autres, de son adhésion à telle ou telle valeur, etc.Mais la notion même de conscience n'apparaît qu'au XVIIe siècle. Depuis, ce concept tard venu n'a cessé de commander une dynamique sans fin d'interrogation et de recherches plurielles. L'originalité du présent ouvrage est d'aborder la question selon les angles philosophique, mais aussi psychologique, psychanalytique, phénoménologique, psychiatrique, cognitif, religieux et spirituel : faire droit, pleinement et avec une rigueur constante, à l'hybridation interdisciplinaire du thème de la conscience constituait un défi indispensable-enfin relevé ici.L'auteur redonne vie à l'aventure : anticipation dans le contexte gréco-latin ; problématisation dans les conceptions classiques ; séisme dû à la mise en évidence de l'inconscient par la psychanalyse : élargissement au corps et au mande par la phénoménologie; interrogations permises par l'exploration psychiatrique du pathologique ; forte implication, enfin, dans le débat cognitif contemporain, dont il apparaît qu'une méthodologie en première personne peut renouveler les conditions et l'approche de l'objectivité empirique.La richesse du parcours rend particulièrement fécond l'examen final des traditions spirituelles, véritable retour aux sources de l'interrogation .
650 4# - SUBJECT ADDED ENTRY--TOPICAL TERM
Topical term or geographic name entry element Sciences cognitives
650 4# - SUBJECT ADDED ENTRY--TOPICAL TERM
Topical term or geographic name entry element Psychanalyse
650 4# - SUBJECT ADDED ENTRY--TOPICAL TERM
Topical term or geographic name entry element Psychiatrie
650 4# - SUBJECT ADDED ENTRY--TOPICAL TERM
Topical term or geographic name entry element Psychologie
650 4# - SUBJECT ADDED ENTRY--TOPICAL TERM
Topical term or geographic name entry element Philosophie
830 #0 - SERIES ADDED ENTRY--UNIFORM TITLE
Uniform title Cursus
Name of part/section of a work Philosophie
942 ## - ADDED ENTRY ELEMENTS (KOHA)
Koha item type Books
Holdings
Withdrawn status Lost status Source of classification or shelving scheme Damaged status Not for loan Home library Current library Shelving location Date acquired Source of acquisition Cost, normal purchase price Total Checkouts Full call number Barcode Date last seen Copy number Price effective from Koha item type
    Dewey Decimal Classification     مكتبة دار المعلمين و المعلمات - النبطية مكتبة دار المعلمين و المعلمات - النبطية Salle de Lecture 02/03/2006 Ambassade de France 0.00   153.15 DEP. CRN697 07/28/2016 1 07/28/2016 Books
    Dewey Decimal Classification     مكتبة دار المعلمين و المعلمات - بئر حسن مكتبة دار المعلمين و المعلمات - بئر حسن Salle de Lecture 12/08/2006 Ambassade de France 0.00   126 Dep CRB1461 07/27/2016 1 07/27/2016 Books
    Dewey Decimal Classification     مكتبة دار المعلمين و المعلمات - جونية مكتبة دار المعلمين و المعلمات - جونية Salle de Lecture 02/03/2006 Ambassade de France 0.00   153.15 DEP. CRJ697 07/27/2016 1 07/27/2016 Books
    Dewey Decimal Classification     مكتبة دار المعلمين و المعلمات - زحلة مكتبة دار المعلمين و المعلمات - زحلة Salle de Lecture 02/21/2007 Amb. de France 17.70   153 DEP CRZ1888 07/27/2016 1 07/27/2016 Books
    Dewey Decimal Classification     مكتبة دار المعلمين و المعلمات - صيدا مكتبة دار المعلمين و المعلمات - صيدا Salle de Lecture 11/06/2006 Ambassade de France 0.00   153 DEP CRS1465 07/28/2016 1 07/28/2016 Books